<?xml version="1.0" encoding="UTF-8"?>
<record
    xmlns:xsi="http://www.w3.org/2001/XMLSchema-instance"
    xsi:schemaLocation="http://www.loc.gov/MARC21/slim http://www.loc.gov/standards/marcxml/schema/MARC21slim.xsd"
    xmlns="http://www.loc.gov/MARC21/slim">

  <leader>01612nam a2200397 a 4500</leader>
  <controlfield tag="001"> 0132934</controlfield>
  <controlfield tag="003">DO-SdBNP</controlfield>
  <controlfield tag="005">20180309123955.0</controlfield>
  <controlfield tag="006"> 0132934</controlfield>
  <controlfield tag="008">091123s2008   dr a          000 0 spa d</controlfield>
  <datafield tag="020" ind1=" " ind2=" ">
    <subfield code="a">9789945111859</subfield>
  </datafield>
  <datafield tag="040" ind1=" " ind2=" ">
    <subfield code="a">BPMSU</subfield>
    <subfield code="b">spa</subfield>
    <subfield code="c">BPMSU</subfield>
  </datafield>
  <datafield tag="049" ind1=" " ind2=" ">
    <subfield code="a"> </subfield>
  </datafield>
  <datafield tag="082" ind1="0" ind2="4">
    <subfield code="a">372.6561</subfield>
    <subfield code="b">I37e     2do. 2008  v. 3 Gu&#xED;a </subfield>
  </datafield>
  <datafield tag="100" ind1="1" ind2=" ">
    <subfield code="a">Inch&#xE1;stegui, Mar&#xED;a Isabel </subfield>
  </datafield>
  <datafield tag="245" ind1="1" ind2="0">
    <subfield code="a">Espa&#xF1;ol 2 </subfield>
    <subfield code="c">Mar&#xED;a Isabel Inch&#xE1;ustegui ; direcci&#xF3;n editorial Obdulia Garc&#xED;a de Escobar ; ilustraciones Ruddy N&#xFA;&#xF1;ez.</subfield>
    <subfield code="b">[educaci&#xF3;n b&#xE1;sica] /</subfield>
  </datafield>
  <datafield tag="246" ind1="1" ind2="3">
    <subfield code="a">Espa&#xF1;ol 2 : gu&#xED;a b&#xE1;sica </subfield>
  </datafield>
  <datafield tag="260" ind1=" " ind2=" ">
    <subfield code="a">Santo Domingo :</subfield>
    <subfield code="b">Santillana,</subfield>
    <subfield code="c">2008.</subfield>
  </datafield>
  <datafield tag="300" ind1=" " ind2=" ">
    <subfield code="a">176 p. :</subfield>
    <subfield code="b">il. ;</subfield>
    <subfield code="c">29 cm.</subfield>
  </datafield>
  <datafield tag="490" ind1="1" ind2=" ">
    <subfield code="a">Coral </subfield>
  </datafield>
  <datafield tag="500" ind1=" " ind2=" ">
    <subfield code="a">La biblioteca posee la Gu&#xED;a</subfield>
  </datafield>
  <datafield tag="500" ind1=" " ind2=" ">
    <subfield code="a">La gu&#xED;a espa&#xF1;ol 2 de b&#xE1;sica </subfield>
  </datafield>
  <datafield tag="505" ind1=" " ind2=" ">
    <subfield code="t">Buenos amigos --</subfield>
    <subfield code="t">La tortuga y la cotorra --</subfield>
    <subfield code="t">El coleccionista -- </subfield>
    <subfield code="t">El tesoro del bosque -- </subfield>
    <subfield code="t">Nochebuena --</subfield>
    <subfield code="t">El jarr&#xF3;n del lago -- </subfield>
    <subfield code="t">El ruise&#xF1;or de la China --</subfield>
    <subfield code="t">La ni&#xF1;a que quer&#xED;a la luna --</subfield>
    <subfield code="t">El coleccionista -- </subfield>
    <subfield code="t">La casa del le&#xF3;n -- </subfield>
    <subfield code="t">&#xA1;Qu&#xE9; raro! --</subfield>
    <subfield code="t">El banquete. </subfield>
  </datafield>
  <datafield tag="650" ind1=" " ind2="4">
    <subfield code="a">ESPA&#xD1;OL</subfield>
    <subfield code="x">ENSE&#xD1;ANZA B&#xC1;SICA</subfield>
  </datafield>
  <datafield tag="650" ind1=" " ind2="4">
    <subfield code="a">ESPA&#xD1;OL</subfield>
    <subfield code="x">EDUCACI&#xD3;N B&#xC1;SICA</subfield>
  </datafield>
  <datafield tag="650" ind1=" " ind2="4">
    <subfield code="a">ESPA&#xD1;OL</subfield>
    <subfield code="x">ESTUDIO Y EJERCICIOS</subfield>
  </datafield>
  <datafield tag="650" ind1=" " ind2="4">
    <subfield code="a">ESPA&#xD1;OL</subfield>
    <subfield code="x">LIBROS DE TEXTOS</subfield>
  </datafield>
  <datafield tag="650" ind1=" " ind2="4">
    <subfield code="a">EDUCAC&#xCD;&#xD3;N B&#xC1;SICA</subfield>
    <subfield code="z">REP&#xDA;BLICA DOMINICANA</subfield>
  </datafield>
  <datafield tag="700" ind1="1" ind2=" ">
    <subfield code="a">Garc&#xED;a Escobar, Obdulia de,</subfield>
    <subfield code="e">ed.</subfield>
  </datafield>
  <datafield tag="700" ind1="1" ind2=" ">
    <subfield code="a">N&#xFA;&#xF1;ez, Ruddy,</subfield>
    <subfield code="e">il.</subfield>
  </datafield>
  <datafield tag="830" ind1=" " ind2="0">
    <subfield code="a">Coral </subfield>
  </datafield>
  <datafield tag="910" ind1=" " ind2=" ">
    <subfield code="a">Validado. Control de calidad  MFF</subfield>
  </datafield>
  <datafield tag="942" ind1=" " ind2=" ">
    <subfield code="2">ddc</subfield>
    <subfield code="c">BK</subfield>
  </datafield>
  <datafield tag="945" ind1=" " ind2=" ">
    <subfield code="a"> Remanejado para la BNPHU  / 2018 VM</subfield>
  </datafield>
  <datafield tag="952" ind1=" " ind2=" ">
    <subfield code="0">0</subfield>
    <subfield code="1">0</subfield>
    <subfield code="2">ddc</subfield>
    <subfield code="4">0</subfield>
    <subfield code="7">0</subfield>
    <subfield code="8">CE</subfield>
    <subfield code="a">BPMET</subfield>
    <subfield code="b">BPMET</subfield>
    <subfield code="d">2016-05-10</subfield>
    <subfield code="e">Deposito Legal</subfield>
    <subfield code="l">0</subfield>
    <subfield code="o">372.6561 I37e      </subfield>
    <subfield code="p">BPMSU16050200</subfield>
    <subfield code="r">2016-05-10</subfield>
    <subfield code="w">2016-05-10</subfield>
    <subfield code="y">BK</subfield>
  </datafield>
  <datafield tag="956" ind1=" " ind2=" ">
    <subfield code="a">VMATEO</subfield>
    <subfield code="b">10</subfield>
    <subfield code="c">20160510</subfield>
    <subfield code="l">BPMSU</subfield>
    <subfield code="h">0069</subfield>
  </datafield>
  <datafield tag="999" ind1=" " ind2=" ">
    <subfield code="c">10058</subfield>
    <subfield code="d">10058</subfield>
  </datafield>
</record>
